000
00330pab a2200145 454500
008
180718b2002 xxu||||| |||| 00| 0 eng d
100
_a
Kaul, Kapil
245
_a
Growth of radical Islam in Pakistan
260
_c
2002
300
_a
p.89-104.
362
_a
Mar
650
_a
Islam
773
_a
India Quarterly
909
_a
53031
999
_c
53031
_d
53031